000
00298nam a22001337a 4500
020
_a
9781405201711
082
_a
823.912
_b
BLY
100
_a
Blyton,Enid
245
_a
The fareaway three stories
260
_b
Egmont Publications,
_c
2001.
300
_a
582p. ;
563
_a
PB
942
_2
ddc
_c
BK
999
_c
614879
_d
614879